| 000 | 01239cam a22003257a 4500 | ||
|---|---|---|---|
| 003 | CHAP | ||
| 005 | 20220817043818.0 | ||
| 008 | 010926s2000 mx r 00010 spa d | ||
| 010 | _a85103 | ||
| 011 | _a86075 | ||
| 035 | _a96613 | ||
| 040 | _cCHAP | ||
| 082 | 0 | 4 |
_a338.17 _bC62 |
| 110 | 2 | _aCONASUPO | |
| 245 | 1 | 0 |
_aGeneración de metodologías para evaluar las mermas de los productos agrícolas manejados por CONASUPO : _bmemoria técnica _c/por CONASUPO |
| 260 |
_aMéxico, D.F. : _bInstituto de Estudios, Investigaciones y Servicios AGRIPEFOR Chapingo, _c1987. |
||
| 300 |
_a428 h. ; _bcuadros ; gráfs. |
||
| 590 |
_aBATCH-UPD _b10 _c20130110 _lUCH01 _h1046 |
||
| 590 |
_aBATCH-UPD _b10 _c20130410 _lUCH01 _h0644 |
||
| 590 |
_aBATCH-UPD _b10 _c20130914 _lUCH01 _h0201 |
||
| 590 |
_aCONVERSION _b10 _c20130109 _lUCH01 _h1347 |
||
| 650 | 0 | 4 |
_aAlimentos _xAbastecimiento _xMexico. _94132 |
| 650 | 0 | 4 |
_aCosechas _xPérdidas de. _928443 |
| 650 | 0 | 4 |
_aProductos agrícolas _xAspectos económicos _zMéxico. _991919 |
| 901 | _aBK | ||
| 905 | _aAlejandra Carrasco M. | ||
| 942 | _cLIBRO | ||
| 949 |
_a338.17 C62 _bBC _cLIBRO _d33724000859211 _eLIBRO _fc.2 _h102067 _i96613 _sb |
||
| 949 |
_a338.17 C62 _bBC _cLIBRO _d33724000859278 _eLIBRO _h102066 _i96613 _sb |
||
| 999 |
_c85103 _d85103 |
||